|
|
|
|
| LEADER |
00800cam a2200217 7i4500 |
| 001 |
0000034272 |
| 005 |
20170223090000.0 |
| 008 |
110329 eng |
| 020 |
|
|
|a 9780838910108 (pbk.)
|
| 090 |
0 |
0 |
|a Z682.4.L49
|b T86 2010
|
| 100 |
1 |
|
|a Tunstall, Patricia
|
| 245 |
1 |
0 |
|a Hiring, training, and supervising library shelvers
|c Patricia Tunstall.
|
| 260 |
|
|
|a Chicago:
|b American Library Association,
|c 2010.
|
| 300 |
|
|
|a ix, 109 p.:
|b ill.;
|c 23 cm.
|
| 490 |
0 |
|
|a ALA guides for the busy librarian
|
| 500 |
|
|
|a Includes index
|
| 650 |
0 |
0 |
|a Library pages
|
| 650 |
0 |
0 |
|a Library personnel management
|
| 997 |
|
|
|a Communication, Visual Art & Computing, Faculty
|b Communication, Department
|
| 998 |
|
|
|a Library Science, Diploma
|
| 999 |
|
|
|a 0000047085
|b BOK
|c OPEN SHELF
|e 2nd Floor, Bestari Jaya
|